Vie et oeuvre (Record no. 135455)

MARC details
000 -LEADER
campo de control de longitud fija 00689nam a2200181 i 4500
001 - NÚMERO DE CONTROL
campo de control 135455
003 - IDENTIFICADOR DE NÚMERO DE CONTROL
campo de control ES-MaACL
005 - FECHA Y HORA DE LA ÚLTIMA TRANSACCIÓN
campo de control 20240126063013.0
007 - CAMPO FIJO DE DESCRIPCIÓN FÍSICA--INFORMACIÓN GENERAL
campo de control de longitud fija t|
008 - DATOS DE LONGITUD FIJA--INFORMACIÓN GENERAL
campo de control de longitud fija 070718s1906 fr ||||1| fre d
100 1# - ENTRADA PRINCIPAL--NOMBRE DE PERSONA
Nombre de persona Tolstói, Lev,
Fechas asociadas al nombre 1828-1910
9 (RLIN) 110489
245 10 - MENCIÓN DEL TÍTULO
Título Vie et oeuvre
Resto del título : memoires, souvenirs, lettres, extraits du journal intime, notes et documents biographiques /
Mención de responsabilidad, etc. reunis, coordonnés et annotés par P. Birukov, revisés par Léon Tolstoï ; traduits sur le manuscrit par J. W. Bienstock.
300 ## - DESCRIPCIÓN FÍSICA
Extensión 2 v. ;
Dimensiones 20 cm.
700 1# - ENTRADA AGREGADA--NOMBRE PERSONAL
Nombre de persona Birukov, P.
9 (RLIN) 28991
700 1# - ENTRADA AGREGADA--NOMBRE PERSONAL
Nombre de persona Bienstock, J. Wladimir (
Fechas asociadas al nombre 1868-1933)
9 (RLIN) 28814
852 ## - LOCALIZACIÓN
Ubicación ES-MaACL
Número de control de estantería F-9727-28
Holdings
Estatus retirado Estado de pérdida Estado de daño No para préstamo Biblioteca de origen Biblioteca actual Ubicación en estantería Fecha de adquisición Fuente de adquisición Total de préstamos Signatura topográfica completa Código de barras Visto por última vez Precio de reemplazo Tipo de ítem Koha
        Biblioteca del Ateneo de Madrid Biblioteca del Ateneo de Madrid Sala Pecera Planta 2 17/01/2008     F-9727-28 1140982 23/02/2023 23/02/2023 Libro impreso